000 00626nam a2200241Ia 4500
003 OSt
005 20221007104530.0
006 a|||||r|||| 00| 0
007 ta
008 221006b |||||||| |||| 00| 0 eng d
024 _a16,101
037 _cTextual
040 _aLCO
_cLCO
_beng
041 _2eng
_aeng
082 _aZ2,7,26, L9
100 _aMalik S
_9103960
245 0 _aSupreme Court on Law of Limitation
260 _aLucknow
_bEastern Book Company India
_c1979
300 _a167+35
650 _aLAW OF LIMITATION
942 _hZ2,7,26, L9
_cTEXL
999 _c1185664
_d1185664